ARRUPE JESUIT UNIVERSITY

CORONAVIRUS -STOP THE SPREAD - CLEAN,DISINFECT,COVER

Bourgeois society in nineteenth-century Europe / (Record no. 127959)

MARC details
000 -LEADER
fixed length control field 01591cam a2200373 a 4500
001 - CONTROL NUMBER
control field 4378312
003 - CONTROL NUMBER IDENTIFIER
control field ARRUPE
005 - DATE AND TIME OF LATEST TRANSACTION
control field 20180420095320.0
008 - FIXED-LENGTH DATA ELEMENTS--GENERAL INFORMATION
fixed length control field 910412s1993 enk b 001 0 eng
010 ## - LIBRARY OF CONGRESS CONTROL NUMBER
LC control number 91017753
020 ## - INTERNATIONAL STANDARD BOOK NUMBER
International Standard Book Number 0854966765 :
Terms of availability $68.00
040 ## - CATALOGING SOURCE
Original cataloging agency DLC
Transcribing agency DLC
Modifying agency DLC
041 1# - LANGUAGE CODE
Language code of text/sound track or separate title eng
Language code of original and/or intermediate translations of text ger
043 ## - GEOGRAPHIC AREA CODE
Geographic area code e------
-- e-gx---
050 00 - LIBRARY OF CONGRESS CALL NUMBER
Classification number HT690.
Item number G38882513 1993
082 00 - DEWEY DECIMAL CLASSIFICATION NUMBER
Classification number 305.5/5/09409034
Edition number 20
300 ## - PHYSICAL DESCRIPTION
Dimensions 22 cm.
130 0# - MAIN ENTRY--UNIFORM TITLE
Uniform title Bürgertum im 19. Jahrhundert.
Language of a work English.
Form subheading Selections.
9 (RLIN) 41580
245 10 - TITLE STATEMENT
Title Bourgeois society in nineteenth-century Europe /
Statement of responsibility, etc edited by Jürgen Kocka and Allan Mitchell.
260 ## - PUBLICATION, DISTRIBUTION, ETC. (IMPRINT)
Place of publication, distribution, etc Oxford ;
Name of publisher, distributor, etc Berg,
Date of publication, distribution, etc 1993.
300 ## - PHYSICAL DESCRIPTION
Extent xi, 468 p. ;
500 ## - GENERAL NOTE
General note Spine title: Bourgeois society in 19th century Europe.
500 ## - GENERAL NOTE
General note Translated selections from: Bürgertum im 19. Jahrhundert.
504 ## - BIBLIOGRAPHY, ETC. NOTE
Bibliography, etc Includes bibliographical references and index.
650 #0 - SUBJECT ADDED ENTRY--TOPICAL TERM
Topical term or geographic name as entry element Middle class
Geographic subdivision Germany
General subdivision History
Chronological subdivision 19th century.
9 (RLIN) 41581
650 #0 - SUBJECT ADDED ENTRY--TOPICAL TERM
Topical term or geographic name as entry element Middle class
Geographic subdivision Europe
General subdivision History
Chronological subdivision 19th century.
9 (RLIN) 18805
700 1# - ADDED ENTRY--PERSONAL NAME
Personal name Kocka, Jürgen.
9 (RLIN) 41582
700 1# - ADDED ENTRY--PERSONAL NAME
Personal name Mitchell, Allan,
Dates associated with a name 1933-
9 (RLIN) 41583
740 0# - ADDED ENTRY--UNCONTROLLED RELATED/ANALYTICAL TITLE
Uncontrolled related/analytical title Bourgeois society in 19th century Europe.
856 42 - ELECTRONIC LOCATION AND ACCESS
Materials specified Publisher description
Uniform Resource Identifier <a href="http://www.loc.gov/catdir/enhancements/fy0601/91017753-d.html">http://www.loc.gov/catdir/enhancements/fy0601/91017753-d.html</a>
906 ## - LOCAL DATA ELEMENT F, LDF (RLIN)
a 7
b cbc
c orignew
d 1
e ocip
f 19
g y-gencatlg
942 ## - ADDED ENTRY ELEMENTS (KOHA)
Source of classification or shelving scheme Library of Congress Classification
Koha item type Monograph ( Printed materials)
Holdings
Withdrawn status Lost status Source of classification or shelving scheme Damaged status Not for loan Collection code Home library Current library Shelving location Date acquired Total Checkouts Full call number Barcode Date last seen Price effective from Koha item type
    Library of Congress Classification     Main Collection ARRUPE LIBRARY ARRUPE LIBRARY Main Collection 20/04/2018   HT690. G38882513 1993 46600001584 20/04/2018 20/04/2018 Monograph ( Printed materials)

 

Arrupe Library. PO Box MP320 Mt Pleasant, Harare, Zimbabwe
263 242 745411|librarian@aju.ac.zw